Statistics for Hiroshima and Nagasaki bombings quiz

Click here to take the quiz!

General Stats

  • This quiz has been taken 417 times
  • The average score is 8 of 15

Answer Stats

QuestionAnswer% Correct
Which one of these names was used as a name for one of the bombs?Fat Man
90%
Who was the emperor of Japan at the time of the event?Hirohito
90%
What did Japan do after the attack?Surrender to USA
89%
Which project was this event a part of?Manhattan projest
87%
Which character was created after the event?Godzilla
86%
Who was the US president at the time of the event?Harry S. Truman
76%
What date did USA drop a nuke on Hiroshima?6th August 1945
54%
In which Japanese city is there a flame that will keep burning until all Nukes are dismantled?Hiroshima
53%
Which country teamed up with USA to destroy Japan during this eventUSSR/Soviet Union
48%
Approximately how many people died after the bombings?226,000
45%
Which company's employee had survived both bombs?Mitsubishi
44%
Which 2 cities were the original targets for the bombings?Kyoto and Hiroshima
39%
How many days after the first Nuclear bomb test did Hiroshima get bombed?17 days
19%
Which one of these people was the only Japanese commander in the attack?Shunroku Hata
14%
What percentage of the fatalities were Korean?25%
7%

Score Distribution

Percentile by Number Answered

Percent of People with Each Score

Your Score History

You have not taken this quiz